Statistics for Rod Stewart Discography

Click here to take the quiz!

General Stats

  • This quiz has been taken 22 times
  • The average score is 22 of 57

Answer Stats

TypeYearName% Correct
Album1975Atlantic Crossing
81%
Album1971Every Picture Tells a Story
75%
Album1978Blondes Have More Fun
69%
Album1976A Night on the Town
63%
Album1970Gasoline Alley
63%
Pop Standards Album2003As Time Goes By: The Great American Songbook, Volume II
56%
Pop Standards Album2010Fly Me to the Moon... The Great American Songbook Volume V
56%
Pop Standards Album2002It Had to Be You: The Great American Songbook
56%
DVD2003It Had to Be You: The Great American Songbook
56%
Pop Standards Album2004Stadust: The Great American Songbook, Volume III
56%
Pop Standards Album2005Thanks for the Memory: The Great American Songbook, Volume IV
56%
Album1969An Old Raincoat Won't Ever Let You Down
50%
Album1995A Spanner in the Works
50%
Album1983Body Wishes
50%
Album1984Camouflage
50%
Compilation1979Greatest Hits, Vol. 1
50%
Album1972Never a Dull Moment
50%
Album1974Smiler
50%
Album1986Every Beat of My Heart
44%
Album1980Foolish Behaviour
44%
Album1981Tonight I'm Yours
44%
Album1977Foot Loose & Fancy Free
38%
Compilation1996If We Fall in Love Tonight
38%
Album1988Out of Order
38%
Cover Album2009Soulbook
38%
Album2013Time
38%
Live Album1993Unplugged...and Seated
38%
Album1991Vagabond Heart
38%
Live Album1982Absolutely Live
31%
Album2015Another Country
31%
Compilation2003Changing Faces - The Very Best of Rod Stewart & The Faces: The Definitive Collection 1969-1974
31%
Compilation2003Encore: The Very Best of Rod Stewart - Vol. 2
31%
Album2001Human
31%
Live Compilation2014Live 1976-1998: Tonight's the Night
31%
Holiday Album2012Merry Christmas, Baby
31%
Cover Album2006Still the Same... Great Rock Classics of Our Time
31%
Compilation1989Storyteller - The Complete Anthology 1964-1990
31%
Compilation2001The Story So Far: The Very Best of Rod Stewart
31%
Compilation2006The Very Best of Rod Stewart
31%
Album1998When We Were the New Boys
31%
Collaborative Live Album1974Coast to Coast: Overture and Beginners
25%
Compilation1993Lead Vocalist
25%
Album2010Once in a Blue Moon: The Lost Album
25%
Compilation2002Reason to Believe: The Complete Mercury Studio Recordings
25%
Compilation1973Sing It Again Rod
25%
Compilation2008Some Guys Have All the Luck/The Definitive Rod Stewart
25%
Compilation1989The Best of Rod Stewart
25%
Compilation1976The Best of Rod Stewart
25%
Compilation1976The Best of Rod Stewart Vol. 2
25%
Compilation1992The Mercury Anthology
25%
Compilation2009The Rod Stewart Sessions 1971-1998
25%
Compilation2005Gold
19%
DVD2004One Night Only! Rod Stewart Live at Royal Albert Hall
19%
Compilation2013Rarities
19%
Compilation2011The Best of... The Great American Songbook
19%
Box Set2007The Complete American Songbook - Volumes I, II, III & IV
19%
Compilation2007The Seventies Collection
19%

Score Distribution

Percentile by Number Answered

Percent of People with Each Score

Your Score History

You have not taken this quiz